000 00467nam a22001697a 4500
005 20241217132552.0
008 241217b |||||||| |||| 00| 0 eng d
020 _a9780133412192
082 _a005.756
_bKRE-A
100 _aKrebs,
245 _aExploring: Microsoft Access 2013 :
_bIntroductory /
_cCameron
260 _aUSA:
_bElsevier;
_c2014.
300 _axiv, 322 p. :
_bill;
_c24 cm.
500 _ainclude index.
650 _aMicrosoft Office
999 _c36808
_d36808